| 000 | 00401nam a2200181Ia 4500 | ||
|---|---|---|---|
| 001 | 1261 | ||
| 005 | 20260306140619.0 | ||
| 008 | 260306t2022||||xx |||||||||||||| ||spa|| | ||
| 041 | _aESP | ||
| 082 |
_a190 _bH22 |
||
| 100 |
_aHarari, Yuval Noah, _eAUT |
||
| 245 | 0 | _aHomo deus | |
| 260 | _c2022 | ||
| 300 |
_a489 páginas : _c23 cm. |
||
| 650 | _aGEN | ||
| 654 | _aCHU | ||
| 942 |
_cLIB _dJUS _fJUS _2ddc _n |
||
| 999 |
_c1261 _d1261 |
||